000 00747nam a2200241 i 4500
001 C2-0243347
003 PPAK
005 20180727205032.0
008 021022s1992 my |||| ||||| | may d
040 _aPPAK
_beng
_cPPAK
_erda
082 0 4 _a370.15
_223
090 0 0 _a370.15
_bABD
_dKAM
100 0 _aAbdullah bin Ismail,
_eauthor
245 1 0 _aCabaran-cabaran semasa dalam pengurusan pendidikan :
_bkajian kes Sekolah Menengah Luar Bandar, Pulau Pinang
264 1 _aSelangor :
_bKementerian Pendidikan Malaysia ,
_c1992
300 _a18 pages ;
_c30 cm
336 _2rdacontent
_atext
337 _2rdamedia
_aunmediated
338 _2rdacarrier
_avolume
500 _aKertas Kerja 26
650 1 0 _aStudents - Psychology
942 _ddc
_cB
999 _c57893
_d57893